Statistics for Empty Pixelated Americas Map

Click here to take the quiz!

General Stats

  • This quiz has been taken 2,051 times
  • The average score is 152 of 156

Answers on the Map

Answers color-coded by a green-red scale on the quiz's map according to % correct below.
 

Answer Stats

Country% Correct
Canada
99%
Mexico
99%
United States
99%
Brazil
97%
Argentina
96%
Chile
94%
Colombia
93%
Bolivia
92%
Peru
92%
Paraguay
90%
Venezuela
90%
Uruguay
85%
Honduras
78%
Suriname
64%

Score Distribution

Percentile by Number Answered

Percent of People with Each Score

Your Score History

You have not taken this quiz